000 00493nam a2200145Ia 4500
008 100204s9999 xx 000 0 und d
082 _b5916
100 _aभागवत भा. रा.
245 _aबोला बोला मुछासेन
260 _b"शकुन प्रकाशन , पुणे 30"
_c1984
300 _a87
630 _aबोला बोला मुछासेन
730 _aबोला बोला मुछासेन
942 _cBOOK
999 _c450427
_d450424